Estadísticas para Huesos del Cuerpo Humano

Haz click aquí para intentar la prueba.

Estadísticas generales

  • Esta prueba ha sido intentada 559 veces
    (450 desde el último reinicio)
  • La puntuación promedio es 23 de 68

Estadísticas de respuestas

PistaNombre del Hueso% Correcto
Hueso del Miembro SuperiorRadio
85%
Hueso del Miembro InferiorFémur
79%
Hueso del Miembro InferiorTibia
77%
Hueso del Miembro SuperiorHúmero
70%
Hueso del cráneoOccipital
57%
Hueso del Miembro SuperiorClavícula
55%
Hueso del cráneoFrontal
54%
Columna vertebralCoxis
53%
Hueso del TóraxEsternón
48%
Hueso del oídoMartillo
48%
Hueso del cráneoParietal
46%
Columna vertebralC1
42%
Columna vertebralC2
42%
Columna vertebralC3
42%
Columna vertebralC4
42%
Columna vertebralC5
42%
Columna vertebralC6
42%
Columna vertebralC7
42%
Hueso de la caraMandíbula
41%
Hueso del oídoYunque
41%
Columna vertebralL1
39%
Columna vertebralL2
39%
Columna vertebralL3
39%
Columna vertebralL4
39%
Columna vertebralL5
39%
Hueso del Miembro SuperiorEscápula
37%
Hueso de la caraMaxilar
37%
Columna vertebralSacro
37%
Columna vertebralT1
37%
Columna vertebralT10
37%
Columna vertebralT11
37%
Columna vertebralT2
37%
Columna vertebralT3
37%
Columna vertebralT4
37%
Columna vertebralT5
37%
Columna vertebralT6
37%
Columna vertebralT7
37%
Columna vertebralT8
37%
Columna vertebralT9
37%
Hueso del oídoEstribo
36%
Columna vertebralT12
36%
Hueso del cráneoTemporal
35%
Hueso del Miembro SuperiorMetacarpos
27%
Hueso del cráneoEsfenoides
26%
Hueso del Miembro SuperiorUlna
25%
Hueso de la caraNasal
23%
Hueso del cráneoEtmoides
22%
Hueso del Miembro InferiorFíbula
21%
Hueso del Miembro SuperiorCarpos / Carpianos
20%
Hueso del cuelloHioides
20%
Hueso del Miembro InferiorMetatarsos / Metatarsianos
19%
Hueso del Miembro InferiorTarsos / Tarsianos
18%
Hueso de la caraCigomático
16%
Hueso del Miembro SuperiorFalanges distales
16%
Hueso del Miembro InferiorFalanges distales
16%
Hueso del Miembro InferiorFalanges proximales
16%
Hueso del Miembro SuperiorFalanges proximales
16%
Hueso del Miembro InferiorFalanges mediales
13%
Hueso de la caraVómer
13%
Hueso del TóraxCostillas flotantes
12%
Hueso del Miembro SuperiorFalanges mediales
12%
Hueso del Miembro InferiorPatela
12%
Hueso del TóraxCostillas falsas
11%
Hueso del TóraxCostillas verdaderas
11%
Hueso de la caraLacrimal
11%
Hueso de la caraPalatino
9%
Hueso de la caraCornete nasal inferior
7%
Hueso del Miembro InferiorHueso coxal
6%

Distribución de puntuación

Porcentaje por número respondido

Porcentaje de gente con cada puntuación

Historial de tus puntuaciones

No has intentado esta prueba desde el último reinicio